culture K en 1 mot - Statistiques

Statistiques générales
  • Ce quiz a été pris 60 fois
  • Le résultat moyen est 51 sur 117
Statistiques - réponses
Hint Réponse % Correct
Explorateurs christophe colomb
92%
Explorateurs marco polo
92%
Chanteurs honteux Keen V
90%
Boissons pina colada
87%
Ville d'origine moutarde dijon
87%
Gastronomie francaise pot au feu
87%
Génies fictifs Sherlock Holmes
87%
Animaux mamba noir
87%
Couleurs poussin jaune
85%
Couleurs bonbon rose
85%
Desert foret noire
83%
Animaux panthère noire
83%
Chanteurs honteux Britney Spears
83%
Couleurs roi bleu
81%
Gastronomie francaise gratin dauphinois
81%
Arbre/plante associé Fraise fraisier
81%
Boissons bloody mary
81%
Metier par objet stethoscope medecin
81%
Animaux chauve souris
81%
Plus belles femmes du monde penelope cruz
79%
Chanteurs honteux Selena Gomez
79%
Metier par objet Arosoir jardinier
79%
Mots anglais Serial Killer
79%
Mots anglais basket ball
77%
Chanteurs honteux Justin Bieber
77%
Couleurs anthracite gris
77%
series droles the big bang theory
77%
Desert paris brest
75%
series droles How i met your mother
75%
Mots anglais cow boy
73%
Arbre/plante associé Gland chene
73%
Acteurs de super-héros Scarlett Johansson
73%
Gastronomie francaise boeuf bourguignon
71%
Géographie en S Sao paulo
71%
Boissons ice tea
71%
Boissons irish coffee
69%
series droles scenes de menage
69%
Couleurs écru blanc
67%
Génies fictifs Hermione granger
67%
Desert poire belle helene
67%
Desert peche melba
67%
Gastronomie francaise jardinière de legumes
65%
Plus belles femmes du monde emma watson
65%
Ville d'origine Piment espelette
63%
Plus belles femmes du monde jessica alba
62%
Badass historiques Gengis Khan
62%
Géographie en S Sainte lucie
62%
Arbre/plante associé Pignon pin
62%
Ville d'origine jambon bayonne
60%
Explorateurs amérigo vespucci
58%
Ok il y en a un cool de 4 lettres Kinga Gain
54%
Chanteurs honteux Colonel reyel
54%
Acteurs de super-héros Hugh Jackman
52%
Ville d'origine calissons aix
50%
Metier par objet souris informaticien
48%
Nombre de lettres du mot le plus long en francais 26
46%
Metier par objet cuillère a pomme parisienne cuisinier
42%
Acteurs de super-héros Robert Downey
42%
Ville d'origine porcelaine limoges
40%
Géographie en S Saint marin
40%
Un condiment fin sel
40%
Desert creme anglaise
37%
Arbre/plante associé nefle neflier
37%
Arbre/plante associé datte palmier
37%
series droles thats 70 show
37%
Une fin de blague chutte
35%
Acteurs de super-héros Chris Pratt
31%
Génies fictifs Sheldon cooper
29%
C'est long Pierre prier
29%
Mots anglais dumb ass
27%
series droles New girl
27%
Acteurs de super-héros Mark Ruffalo
25%
Animaux truite saumonée
23%
Un bruit de la faim gargouilli
21%
Une mer chère kara
21%
5 lettres Pierre perre
21%
Gestion financière Besoin en fond de roulement
21%
Ok pour celui la Pierre epier
19%
mais il y a pas de cases jaunes Pierre riper
19%
Un vetement chiant un gilet snob Cardigan
17%
Génies fictifs Le génie
17%
Génies fictifs Patrick jane
17%
8 de Pierre perir
15%
Boissons vodka pomme
15%
Gastronomie francaise potée auvergnate
13%
Il y en a 3 de 6 lettres Clement cement
13%
Pour celui la Clement melent
13%
Gestion financière compte de resultat
13%
Géographie en S salto angel
12%
Mots anglais letter box
12%
Metier par objet blouse chimiste
12%
Gestion financière excedent brut d' exploitation
12%
Il y en a Pierre perie
12%
Trouver les anagrames les plus longs Clement Celent
10%
Une mère étourdie michel
10%
Il y a de la conjugaison Pierre priee
10%
alors c'est cool Pierre ripee
10%
Explorateurs vitus bering
8%
Explorateurs Louis-antoine de bougainville
8%
Badass historiques William Wallace
8%
Badass historiques Hannibal Barca
6%
Les derniers sont du bonus Un fruit mignon Myrtille
6%
Une ville marante en T en France Tourcoing
6%
Plus belles femmes du monde charlotte lebon
4%
Badass historiques Ching Shih
4%
Plus belles femmes du monde li bingbing
2%
Un arret de droit privé Canal de crapone
2%
Un maire de montcuq fadeville
2%
Gestion financière Bilan fonctionnel
2%
Un arret de bus invalides
2%
Géographie en S Son Sanson
2%
Animaux paradisier splendide
2%
Je sais pas comment finir se quiz alors un mot chelou en S succursale
2%
Badass historiques Edouard Teach
2%
Un arret de droit administratif tete
2%
Nom de chat le plus donné a son chat Tigrou
2%
Gestion financière Salaires et traitements
2%
Aucun quiz correspondant
Distribution des résultats
% des personnes avec chaque résultat
Percentile par nombre de réponses
Votre historique - résultats
Vous n’avez pas pris ce quiz